000 01066nam a22002417a 4500
005 20220509123010.0
008 220509s2016 flua|||gr|||| 00| 0 eng d
020 _a9780367575281
040 _aCO-BoUCM
_bspa
_cDeissy Garcia
_dDeissy Garcia
041 0 _aeng
100 1 _9174644
_aSolihin, Yan
245 1 0 _aFundamentals of parallel multicore architecture
_cYan Solihin
260 _aBoca Ratón, Florida
_bCRC Press, Taylor & Francis Group
_c2016
300 _axxvi, 468 páginas
_bilustraciones
490 0 _aChapman & Hall/CRC computational science series
500 _aBibliografía Básica - Escuela de Ingeniería, Ciencia y Tecnología - Pregrado en Matemáticas Aplicadas y Ciencias de la Computación
504 _aIncluye referencias bibliográficas e índices
650 7 _aMultiprocesadores
_9101293
650 0 _9101292
_aProcesamiento paralelo (computadores electrónicos)
650 7 _aProgramación paralela (Computadores electrónicos)
_9174645
942 _2DEWEY
_a1
_cLIBRO
_e1
_h004.35
_mS686f
_n0
999 _c321123
_d321123